000 00986nam a2200253 a 4500
008
020 _a0854034455(pbk.)
049 _aMAIN
090 _aQP517.F66
110 2 _aRoyal Society (Great Britain).
_bDiscussion Meeting
_d(1991 :
_cLondon, England?).
245 1 0 _aMolecules through time :
_bfossil molecules and biochemical systematics : proceedings of a Royal Society Discussion Meeting on biomolecular palaeontology held on 20 and 21 March 1991 /
_corganized and edited by G. Eglinton and G.B. Curry.
260 _aLondon :
_bRoyal Society,
_c1991.
300 _a433 p. :
_bill. ;
_c30 cm.
504 _aIncludes bibliographical references.
650 0 _aBiomolecules, Fossil
_vCongresses.
650 0 _aDNA, Fossil
_vCongresses.
700 1 _aEglinton, G.
700 1 _aCurry, Gordon B.
907 _a.b10167079
_b13-07-05
_c05-07-05
003
005 20230123134029.0
040 _cNUST
942 _cBOOKS
_kQP517.F66
999 _c158804
_d158804